The Temple, its ministry and services as they were at the time of Jesus Christ. (Record no. 16359)

000 -LEADER
fixed length control field 00622nam a2200193 a 4500
001 - CONTROL NUMBER
control field :::00019238$&:&@@
003 - CONTROL NUMBER IDENTIFIER
control field OkBaRHE
005 - DATE AND TIME OF LATEST TRANSACTION
control field 20010228140415.0
008 - FIXED-LENGTH DATA ELEMENTS--GENERAL INFORMATION
fixed length control field j 000 0 eng u
040 ## - CATALOGING SOURCE
Transcribing agency
100 1# - MAIN ENTRY--PERSONAL NAME
Personal name Edersheim, Alfred, 1825-1889.
245 14 - TITLE STATEMENT
Title The Temple, its ministry and services as they were at the time of Jesus Christ.
260 ## - PUBLICATION, DISTRIBUTION, ETC. (IMPRINT)
Place of publication, distribution, etc New York
Name of publisher, distributor, etc Hodder & Stoughton
300 ## - PHYSICAL DESCRIPTION
Extent 414 p. ;
Dimensions 19 cm.
650 ## - SUBJECT ADDED ENTRY--TOPICAL TERM
Topical term or geographic name as entry element Temple (Jerusalem)
650 ## - SUBJECT ADDED ENTRY--TOPICAL TERM
Topical term or geographic name as entry element Worship in the Bible
942 ## - ADDED ENTRY ELEMENTS (KOHA)
Source of classification or shelving scheme
Koha item type Books
Copies
Source of classification or shelving scheme Price effective from Not for loan Copy number Full call number Barcode Current Location Total Checkouts Date checked out Shelving location Damaged status Lost status Permanent Location Koha item type Total Renewals Date acquired Date last seen Withdrawn status
 2010-04-14 1BM 655 .E400019238RHEMA Bible Training College12011-12-01General Stacks  RHEMA Bible Training CollegeBooks32010-04-142018-01-09